书名 / (Record no. 10025)

MARC details
000 -LEADER
fixed length control field 00837nam a22001937a 4500
001 - CONTROL NUMBER
control field 10025
003 - CONTROL NUMBER IDENTIFIER
control field FISKH
005 - DATE AND TIME OF LATEST TRANSACTION
control field 20260401101751.0
008 - FIXED-LENGTH DATA ELEMENTS--GENERAL INFORMATION
fixed length control field 260330b cb ||||| |||| 00| 0 eng d
020 ## - INTERNATIONAL STANDARD BOOK NUMBER
International Standard Book Number 9787536574380
040 ## - CATALOGING SOURCE
Original cataloging agency FISKH
Language of cataloging chi
Transcribing agency FISKH
Modifying agency FISKH
082 ## - DEWEY DECIMAL CLASSIFICATION NUMBER
Classification number 818
100 ## - MAIN ENTRY--PERSONAL NAME
Personal name 中文: 北猫
245 ## - TITLE STATEMENT
Title 书名 /
Statement of responsibility, etc. 中文: 北猫
300 ## - PHYSICAL DESCRIPTION
Extent 139 pages :
Other physical details color illustrations ;
Dimensions 17 cm .
520 ## - SUMMARY, ETC.
Summary, etc. 《谁是聪明人‑米小圈脑筋急转弯》是一本面向儿童的脑筋急转弯益智书,以经典角色米小圈为主角,通过轻松有趣的故事线索设计多组谜题。书中以类似闯关的方式呈现谜语和挑战,既能带来阅读乐趣,又能激发孩子的逻辑思维和创造力,是一本融合故事与思考的儿童益智读物。
942 ## - ADDED ENTRY ELEMENTS (KOHA)
Source of classification or shelving scheme Dewey Decimal Classification
Koha item type Chinese Book
Suppress in OPAC No
Holdings
Withdrawn status Lost status Source of classification or shelving scheme Damaged status Not for loan Collection Home library Current library Shelving location Date acquired Total Checkouts Full call number Barcode Date last seen Price effective from Koha item type
    Dewey Decimal Classification     Reference Footprints International School Library Network Toul Tom Poung Campus Footprints International School Library Network Toul Tom Poung Campus Librarian's Shelf TTP 03/30/2026   中文: 北猫 818 2026-0407 03/30/2026 03/30/2026 Books